| 000 | 00523nam a2200169Ia 4500 | ||
|---|---|---|---|
| 999 |
_c26159 _d26159 |
||
| 003 | OSt | ||
| 005 | 20210106102700.0 | ||
| 008 | 190216s9999||||xx |||||||||||||| ||und|| | ||
| 040 | _coclc | ||
| 082 |
_a894.8122 _bPIL/D |
||
| 100 |
_aPillai, G Sankara _97094 |
||
| 245 | 0 |
_aDharmakshetre Kurukshetre / _cG Sankara Pillai |
|
| 260 |
_bSahithya Pravarthaka Sahakarana Sangam, _c1984. _aKottayam: |
||
| 300 | _a99p | ||
| 650 | _aMalayalam Nadakam | ||
| 942 |
_cBK _2ddc _h894.8122 _iPIL/D _k894.8122 _mPIL/D |
||